| 000 | 00890nam a2200277 i 4500 | ||
|---|---|---|---|
| 001 | 29381 | ||
| 003 | ES-MaACL | ||
| 005 | 20250815151543.0 | ||
| 007 | t| | ||
| 008 | 030121s1985 sp ||||1| spa d | ||
| 020 | _a84-7509-362-0 | ||
| 100 | 1 |
_aBarre, André. _925871 |
|
| 245 | 1 | 3 |
_aLa perspectiva curvilínea _b: del espacio a la imagen construida / _cAndré Barre y Albert Flocon ; prefacio de Georges Bouligand ; traducción de Irene Agoff. |
| 250 | _a1ª ed. | ||
| 260 |
_aBarcelona, etc. : _bPaidós, _c1985. |
||
| 300 |
_a193 p. : _bil. ; _c21 cm. |
||
| 490 | 1 |
_aPaidós estética ; _v5 |
|
| 500 | _aIndice. | ||
| 504 | _aBibliografía. | ||
| 700 | 1 |
_aFlocón, Albert. _951227 |
|
| 700 | 1 |
_aBouligand, Georges. _930918 |
|
| 700 | 1 |
_aAgoff, Irene. _918569 |
|
| 830 | 0 | 0 |
_aPaidós estética _v5 _9180302 |
| 852 |
_aES-MaACL _jL-10533 _bR.111196 |
||
| 999 |
_c29381 _d29381 |
||